[Event "Stay Safe Play From Home 202"]
[Site "T#646585Emanuel Laske"]
[Date "2020.06.05"]
[Round "9"]
[White "Rogan"]
[Black "Haris kollari 13"]
[Result "1-0"]
[WhiteElo "2204"]
[BlackElo "1625"]
[Annotator "NA RC"]
[PlyCount "67"]
[EventDate "2020.06.05"]
[EventType "swiss (blitz)"]

1. d4 {[%emt 0:00:03]} e6 {[%emt 0:00:00]} 2. c3 {[%emt 0:00:00]} d5 {[%emt 0:00:00]} 3. Nf3 {[%emt 0:00:00]} c5 {[%emt 0:00:01]} 4. Bg5 {[%emt 0:00:00]} f6 {[%emt 0:00:02]} 5. Bh4 {[%emt 0:00:01]} Bd6 {[%emt 0:00:01]} 6. e3 {[%emt 0:00:01]} Ne7 {[%emt 0:00:02]} 7. Nbd2 {[%emt 0:00:01]} Nbc6 {[%emt 0:00:01]} 8. Bd3 {[%emt 0:00:00]} c4 {[%emt 0:00:01]} 9. Bc2 {[%emt 0:00:01]} h5 {[%emt 0:00:01]} 10. Bg3 {[%emt 0:00:02]} g5 {[%emt 0:00:04]} 11. e4 {[%emt 0:00:02]} h4 {[%emt 0:00:05]} 12. Bxd6 {[%emt 0:00:01]} Qxd6 {[%emt 0:00:01]} 13. exd5 {[%emt 0:00:00]} exd5 {[%emt 0:00:01]} 14. Qe2 {[%emt 0:00:00]} Bd7 {[%emt 0:00:03]} 15. Bg6+ {[%emt 0:00:01]} Kd8 {[%emt 0:00:02]} 16. Bc2 {[%emt 0:00:00]} Kc7 {[%emt 0:00:01]} 17. O-O-O {[%emt 0:00:01]} b5 {[%emt 0:00:01]} 18. Rde1 {[%emt 0:00:01]} a5 {[%emt 0:00:01]} 19. g3 {[%emt 0:00:01]} Bg4 {[%emt 0:00:06]} 20. gxh4 {[%emt 0:00:02]} Rxh4 {[%emt 0:00:03]} 21. Qe3 {[%emt 0:00:01]} Rh3 {[%emt 0:00:02]} 22. Rhg1 {[%emt 0:00:02]} Bd7 {[%emt 0:00:04]} 23. Rg3 {[%emt 0:00:03]} Rah8 {[%emt 0:00:01]} 24. Nf1 {[%emt 0:00:08]} g4 {[%emt 0:00:01]} 25. Ng1 {[%emt 0:00:04]} R3h5 {[%emt 0:00:05]} 26. Ne2 {[%emt 0:00:01]} f5 {[%emt 0:00:01]} 27. Nf4 {[%emt 0:00:01]} Rh4 {[%emt 0:00:03]} 28. Ne6+ {[%emt 0:00:01]} Bxe6 {[%emt 0:00:01]} 29. Qxe6 {[%emt 0:00:00]} Qxe6 {[%emt 0:00:00]} 30. Rxe6 {[%emt 0:00:00]} f4 {[%emt 0:00:01]} 31. Rg1 {[%emt 0:00:03]} Kd7 {[%emt 0:00:00]} 32. Rf6 {[%emt 0:00:01]} R8h6 {[%emt 0:00:03]} 33. Rxf4 {[%emt 0:00:01]} g3 {[%emt 0:00:00]} 34. hxg3 {[%emt 0:00:01] Time (Lag: Av=0.39s, max=0.8s) '} 1-0

[Event "Stay Safe Play From Home 202"]
[Site "T#646585Emanuel Laske"]
[Date "2020.06.05"]
[Round "9"]
[White "SoulofWolf"]
[Black "Edmatuag"]
[Result "1-0"]
[WhiteElo "2132"]
[BlackElo "1609"]
[Annotator "TA"]
[PlyCount "81"]
[EventDate "2020.06.05"]
[EventType "swiss (blitz)"]

{[%evp 9,81,32,42,23,40,27,72,52,68,62,64,53,48,35,36,0,30,-732,-720,-728,-732,-886,-908,-942,-795,-887,-879,-887,-874,-1024,-1000,-978,-1002,-1160,-1092,-1039,-918,-902,-744,-1020,-1019,-1029,-951,-1050,-1020,-1074,-1056,-1051,-1000,-1233,-1244,-1219,-1212,-1289,-1289,-1288,-1277,-1231,-1198,-1587,-1571,-1662,-1616,-1786,-1534,-12553,-6423,-29993,-250,-242,-253,-296,620,614]} 1. d4 Nc6 2. c4 d5 3. e3 e6 4. Nf3 Nf6 5. Nc3 Bb4 6. Qb3 {D07: Queen's Gambit: Chigorin Defence.} Bxc3+ 7. Qxc3 {[#]} Ne7 $146 {[%cal Bc6e7,Be7d5,Bd5c3][%mdl 32]} ({Predecessor:} 7... a5 8. b3 O-O 9. Bb2 Ne4 10. Qc1 dxc4 11. bxc4 b6 12. Be2 Qe7 13. O-O Bb7 14. Nd2 Nxd2 15. Qxd2 {1-0 (24) Rivera de Leon,J (2110)-Almarza Mato,C (2155) ICCF email 2017}) 8. Bd3 {White is better.} b6 9. O-O dxc4 10. Bxc4 Bb7 11. Nd2 O-O 12. f3 Ned5 13. a3 $2 {[%mdl 8192]} (13. Qb3 $11) 13... Nxc3 $19 14. bxc3 Nd5 15. Re1 Nxc3 16. Bb2 Nd5 17. e4 Nf4 {White must now prevent ...Qg5!} 18. g3 Qg5 {Strongly threatening ...Nh3+.} 19. Nf1 Nh3+ 20. Kg2 Qh5 21. Be2 Ng5 22. Bc1 Qh3+ 23. Kg1 Nxe4 24. Be3 Nf6 25. Ra2 Nh5 26. Bd1 f5 27. f4 Nf6 28. Rf2 Ng4 29. Rfe2 Nxe3 30. Nxe3 h5 31. d5 h4 32. Rg2 Bxd5 33. Nxd5 exd5 34. Bf3 Rae8 35. Rd1 Re3 36. Bxd5+ Kh8 37. gxh4 Rfe8 {( -> ...Re1+)} 38. Kf1 Qf3+ $2 (38... Rd3 {mates} 39. Rb1 Rxd5 40. Kg1 Qxh4 41. h3 Qxf4 42. Rf1 {[#]} Qe3+ $1 {[%mdl 512]} 43. Kh1 Qxa3 44. Kh2 Re3 45. Kg1 Rg3 46. Kh1 Rxh3+ 47. Rh2 Rd2 48. Rb1 Qf3+ 49. Kg1 Rhxh2 50. Rf1 Rh1#) 39. Bxf3 Rxf3+ {[%mdl 64] [#] Double Attack} 40. Rf2 Rxf4 $4 {[%mdl 8192]} (40... Rxa3 $19 41. Rd5 a5 42. Rxf5 a4) 41. Rxf4 {Accuracy: White = 58%, Black = 46%.} 1-0